Tänä päivänä Suomen historiassa - heinäkuu - Statistics

Yleistilastot
  • Tätä visaa on pelattu 95 kertaa
  • Keskiarvotulos 17 / 31
Vastaustilastot
Päivämäärä Vuosi Vihje Vastaus % Oikein
1.7. 1975 Tämän varusteen käyttäminen tulee pakolliseksi henkilöauton etuistuimilla Turvavyö
97%
19.7. 1952 Presidentti J.K. Paasikivi julistaa nämä urheilukisat Helsingissä avatuiksi Olympialaiset
94%
12.7. 2006 Tämän lautapelin suunnittelijana tunnettu Kari Mannerla kuolee Afrikan tähti
87%
17.7. 1963 Tämä maailman menestynein mäkihyppääjä syntyy Matti Nykänen
87%
13.7. 1951 Tämä huvipuistolaite otetaan käyttöön Linnanmäellä Vuoristorata
86%
25.7. 1919 Tämä edistyspuolueen ehdokas valitaan eduskunnan toimittamassa vaalissa ensimmäiseksi tasavallan presidentiksi K.J. Ståhlberg
81%
27.7. 1978 YK nimittää tämän suomalaisdiplomaatin erityisedustajakseen Namibian itsenäisyysneuvotteluissa Martti Ahtisaari
81%
16.7. 1886 Asetus tämän mittajärjestelmän käyttöönotosta Suomessa annetaan Metrijärjestelmä
78%
4.7. 1912 Tämä tapahtuma järjestetään ensimmäistä kertaa Olavinlinnassa Savonlinnan oopperajuhlat
73%
20.7. 1899 Tämä työväenpuolue perustetaan Turussa SDP
73%
23.7. 1981 Tämän lajin menestynein suomalaisurheilija Jarkko Nieminen syntyy Tennis
73%
5.7. 2011 Tämä hiihdon olympiavoittaja löydetään kotoaan kuolleena Mika Myllylä
67%
3.7. 1910 Nämä yleisurheilukisat järjestetään ensimmäistä kertaa Kalevan kisat
58%
15.7. 1619 Kuningas Kustaa II Aadolf määrää Seilin saarelle perustettavaksi hospitaalin tämän sairauden hoitamista varten Spitaali
58%
2.7. 1951 Tämä mm. Seppo Taalasmaan roolista tunnettu näyttelijä syntyy Jarmo Koski
56%
6.7. 1878 Tämä Helkavirsiä-runokokoelmasta tunnettu runoilija syntyy Eino Leino
55%
29.7. 1942 Tämän Saksan salaisen poliisin johtaja Heinrich Himmler vierailee Suomessa Gestapo
55%
9.7. 1945 Tämä luonnonilmiö on nähtävissä Suomessa Täydellinen auringonpimennys
55%
18.7. 2019 Tämä koomikko ja imitaattori kuolee Jope Ruonansuu
54%
14.7. 1808 Suomen sodan ensimmäinen varsinainen kenttätaistelu käydään tässä Etelä-Pohjanmaan kaupungissa Lapua
51%
28.7. 1884 Tämä Lapuanliikkeen johtaja ja maanviljelijä syntyy Vihtori Kosola
51%
11.7. 1778 Tämä Venäjän keisarinna julistaa sodan Ruotsi-Suomelle Katariina Suuri
45%
8.7. 1912 Tämä juoksija voittaa Suomen ensimmäisen yleisurheilun olympiakullan voittamalla 10 000 metrin juoksun Hannes Kolehmainen
44%
30.7. 1939 Näyttelijä Sirkka Sari kuolee traagisesti pudottuaan tällaiseen Aulangon hotellissa Savupiippu
32%
21.7. 1854 Tämä historia-aiheisista teoksista tunnettu taidemaalari syntyy Albert Edelfelt
27%
7.7. 1930 Yli 12 000 ihmistä osallistuu tähän Lapuanliikkeen järjestämään mielenosoitukseen Talonpoikaismarssi
23%
10.7. 1941 Marsalkka Mannerhein antaa tämän kirjelmän, jossa lupaa vapauttavansa Itä-Karjalan Miekantuppipäiväkäsky
19%
31.7. 1793 Tämä linna tuhoutuu ruutikellarin räjähdyksessä Oulun linna
18%
22.7. 1918 Laki tämän tuomioistuimen perustamisesta annetaan Korkein hallinto-oikeus
8%
26.7. 1875 Tämä mm. valtion lainanotosta vastaava keskusvirasto perustetaan Valtionkonttori
6%
24.7. 2009 Tämä Pietarsaaresta matkaan lähtenyt rahtialus kaapataan Itämerellä hämärissä olosuhteissa Arctic Sea
4%
Ehtoja vastaavia visoja ei löytynyt
Tulosjakauma
Jokaisen tuloksen saaneiden osuus
Persentiili vastausten määrän mukaan
Tuloshistoriasi
Et ole pelannut tätä visaa